00653nam a2200229Ia 4500008004100000020001600041100001600057245002200073245001600095260001500111260002000126260000900146300001700155300002700172300001100199500004500210650004500255650006400300650002500364650002500389700000900414160803s9999 xx 000 0 und d a0 590472666 aMurphy, Jim 4aThe Great fire /  cJim Murphy. aNew York : bScholastic Inc. c1995 a144 pages :  billustrations, maps ;  c28 cm. aIn logo on cover: A Newberry Honor book. aChicago (Ill.) -- History -- To 1875 --  aFires -- Illinois -- Chicago -- History -- 19th century --  xJuvenile literature. xJuvenile literature. a1130